01892nam a2200421Ia 4500001001200000003000800012006001900020007001500039008004100054010001700095020001500112020002400127020001800151040002100169035002100190050002500211082002100236245012600257260006800383300002300451490003000474500016500504504006800669533015200737650006200889650005300951650005301004655002901057700002701086700001901113710008301132710003501215710002901250710001701279830003101296856012601327999001701453ebr10273277CaPaEBRm u cr cn|||||||||990426s1999 enka sb 101 0 eng d z 99219972  z0198294972 z0199248273 (e-book) z9780198294979 aCaPaEBRcCaPaEBR a(OCoLC)64679298714aHB172.5b.C65 1999eb04a339.01/5195422100aComputational methods for the study of dynamic economiesh[electronic resource] /cedited by Ramon Marimon, Andrew Scott. aOxford [England] ;aNew York :bOxford University Press,c1999. axi, 280 p. :bill.1 aOxford scholarship online aPapers presented at the 7th Summer School of the European Economic Association in Sept. 1996, held at Fiesole and convened by the European University Institute. aIncludes bibliographical references (p. [265]-273) and indexes. aElectronic reproduction.bPalo Alto, Calif. :cebrary,d2011.nAvailable via World Wide Web.nAccess may be limited to ebrary affiliated libraries. 0aEquilibrium (Economics)xMathematical modelsvCongresses. 0aMacroeconomicsxComputer simulationvCongresses. 0aMacroeconomicsxMathematical modelsvCongresses. 7aElectronic books.2local1 aMarimon, Ramon,d1953-1 aScott, Andrew.2 aEuropean Economic Association.bSummer Schooln(7th :d1996 :cFiesole, Italy)2 aEuropean University Institute.2 aOxford University Press.2 aebrary, Inc. 0aOxford scholarship online.40uhttp://site.ebrary.com/lib/rucke/Doc?id=10273277zAn electronic book accessible through the World Wide Web; click to view c21642d21642